Statistics for Country Shapes Hidden in an Eagle

Click here to take the quiz!

General Stats

  • This quiz has been taken 2,690 times
  • The average score is 9 of 15

Answers on the Map

Answers color-coded by a green-red scale on the quiz's map according to % correct below.
 

Answer Stats

Country% Correct
Chile
87%
Nepal
84%
Sri Lanka
80%
Madagascar
72%
Croatia
71%
Sweden
70%
Hungary
69%
Monaco
69%
South Korea
63%
Malawi
54%
Mongolia
48%
Taiwan
29%
Zimbabwe
29%
Lithuania
27%
Bhutan
21%

Score Distribution

Percentile by Number Answered

Percent of People with Each Score

Your Score History

You have not taken this quiz